Tribhuvan University Central Library

Basic statistics for geographer (Record no. 78946)

MARC details
000 -LEADER
fixed length control field 00511nam a22001937a 4500
008 - FIXED-LENGTH DATA ELEMENTS--GENERAL INFORMATION
fixed length control field 160731b xxu||||| |||| 00| 0 eng d
082 ## - DEWEY DECIMAL CLASSIFICATION NUMBER
Classification number 519.5/R449b
100 ## - MAIN ENTRY--PERSONAL NAME
Personal name Rijal, Shiba Prasad
245 ## - TITLE STATEMENT
Title Basic statistics for geographer
250 ## - EDITION STATEMENT
Edition statement 2nd ed.
260 ## - PUBLICATION, DISTRIBUTION, ETC.
Place of publication, distribution, etc. Kathmandu,
Name of publisher, distributor, etc. Rhino Publication,
Date of publication, distribution, etc. 2016.
300 ## - PHYSICAL DESCRIPTION
Extent vii, 120p.
Other physical details illus.
504 ## - BIBLIOGRAPHY, ETC. NOTE
Bibliography, etc. note Bibliography: p.119-120
650 ## - SUBJECT ADDED ENTRY--TOPICAL TERM
Topical term or geographic name entry element Statistics
650 ## - SUBJECT ADDED ENTRY--TOPICAL TERM
Topical term or geographic name entry element Geography
650 ## - SUBJECT ADDED ENTRY--TOPICAL TERM
Topical term or geographic name entry element Arithmetic
9 (RLIN) 8058
650 ## - SUBJECT ADDED ENTRY--TOPICAL TERM
Topical term or geographic name entry element Dispersion
942 ## - ADDED ENTRY ELEMENTS (KOHA)
Source of classification or shelving scheme Dewey Decimal Classification
Koha item type General Collections
Holdings
Withdrawn status Lost status Source of classification or shelving scheme Damaged status Not for loan Home library Current library Shelving location Date acquired Total Checkouts Total Renewals Full call number Barcode Date last seen Date last checked out Price effective from Koha item type
    Dewey Decimal Classification     Tribhuvan University Central Library Tribhuvan University Central Library New Building 07/31/2016 1 2 519.5/R449b 153238 08/01/2019 04/03/2019 07/31/2016 General Collections
    Dewey Decimal Classification     Tribhuvan University Central Library Tribhuvan University Central Library   07/31/2016     519.5/R449b 53239 07/31/2016   07/31/2016 General Collections
    Dewey Decimal Classification     Tribhuvan University Central Library Tribhuvan University Central Library   07/31/2016     519.5/R449b 53240 07/31/2016   07/31/2016 General Collections
    Dewey Decimal Classification     Tribhuvan University Central Library Tribhuvan University Central Library New Building 07/31/2016     519.5/R449b 53241 07/31/2016   07/31/2016 General Collections
    Dewey Decimal Classification     Tribhuvan University Central Library Tribhuvan University Central Library   07/31/2016     519.5/R449b 53242 07/31/2016   07/31/2016 General Collections
    Dewey Decimal Classification     Tribhuvan University Central Library Tribhuvan University Central Library New Building 07/31/2016     519.5/R449b 153243 07/31/2016   07/31/2016 General Collections
    Dewey Decimal Classification     Tribhuvan University Central Library Tribhuvan University Central Library New Building 07/31/2016 1   519.5/R449b 153244 05/02/2019 03/28/2019 07/31/2016 General Collections
    Dewey Decimal Classification     Tribhuvan University Central Library Tribhuvan University Central Library New Building 07/31/2016 1   519.5/R449b 153245 03/25/2019 03/10/2019 07/31/2016 General Collections
    Dewey Decimal Classification     Tribhuvan University Central Library Tribhuvan University Central Library New Building 07/31/2016     519.5/R449b 153246 07/31/2016   07/31/2016 General Collections
    Dewey Decimal Classification     Tribhuvan University Central Library Tribhuvan University Central Library New Building 07/31/2016 1   519.5/R449b 153247 04/03/2019 03/12/2019 07/31/2016 General Collections
    Dewey Decimal Classification     Tribhuvan University Central Library Tribhuvan University Central Library New Building 09/26/2018 3   519.5/R449b 153240 05/02/2019 03/28/2019 09/26/2018 General Collections
    Dewey Decimal Classification     Tribhuvan University Central Library Tribhuvan University Central Library New Building 03/11/2019 1   519.5/R449b 153239 04/03/2019 03/11/2019 03/11/2019 General Collections